000 00524nam a2200169 i 4500
001 72102
003 ES-MaACL
005 20230906171326.0
007 t|
008 040826s1981 sp ||||1| spa d
100 1 _aGil Rodríguez, Jacinto.
_956871
245 1 3 _aEl usufructo de acciones
_b: (aspectos civiles) /
_cJacinto Gil Rodríguez.
260 _a[Madrid] :
_bRevista de Derecho Privado,
_c[1981]
300 _a510 p. ;
_c22 cm.
700 1 _aGarcía Cantero, Gabriel.
_954335
852 _aES-MaACL
_jL-1480
_bR.102138
999 _c72102
_d72102